| 000 | 01934nam0a2200385 4500 | ||
|---|---|---|---|
| 001 | RU\NLR\bibl\539001 | ||
| 005 | 20250609153236.0 | ||
| 010 |
_a5-209-01562-9 _bв обл. _9300 |
||
| 021 |
_aRU _b2004-6705 _9343 |
||
| 035 | _aRSL-KNO-002407612 | ||
| 035 | _a(NLR Aleph) 000531258 | ||
| 090 |
_a1354577 _c1354577 |
||
| 100 | _a20040312d2003 |||y0rusy50 ca | ||
| 101 | 0 | _arus | |
| 102 | _aRU | ||
| 105 | _ay ||||||||| | ||
| 106 | _ar | ||
| 200 | 1 |
_aПравовые основы предпринимательской безопасности _eУчеб. пособие _f[В.С. Абрамов, В.Н. Зыков, В.В. Попадейкин и др.] |
|
| 210 |
_aМ. _cИзд-во Рос. ун-та дружбы народов _d2003 _eТип. ИПК РУДН |
||
| 215 |
_a242 с. _cтабл. _d20 |
||
| 320 | _aБиблиогр.: с. 226-231 | ||
| 606 | 0 |
_aПредпринимательство _jРуководства, пособия и т.п. для высшей школы _xБезопасность _xПравовые вопросы _92340059 _3RU\NLR\auth\661398807 |
|
| 606 | 0 |
_aПредпринимательство _jУчебные издания для высших учебных заведений _xБезопасность _xПравовые вопросы _92340059 _3RU\NLR\auth\661398807 |
|
| 686 |
_aХ627.4я73-1 _2rubbk |
||
| 686 | _aХ623.012.09я73 | ||
| 686 | _aХ830.142я73 | ||
| 701 | 1 |
_4220 _7ca _8rus _aАбрамов _bВ. С. _cспециалист в обл. эконом. безопасности. _gВладимир Сергеевич _9146474 _3RU\NLR\AUTH\770146510 |
|
| 701 | 1 |
_aЗыков _bВ Н _gВалерий Николаевич _4070 |
|
| 701 | 1 |
_aПопадейкин _bВ В _gВладислав Витальевич _4070 |
|
| 801 | 0 |
_aRU _bRuMoRKP _c20040312 _gPSBO |
|
| 801 | 1 |
_aRU _bRuMoRKP _c20040312 |
|
| 801 | 2 |
_aRU _bNLR _c20040712 _gPSBO |
|
| 942 | _cBOOK | ||
| 980 | _aNB | ||